<?xml version="1.0" encoding="UTF-8"?>
<collection xmlns="http://www.loc.gov/MARC21/slim">
  <record>
    <leader>00000nam  2200000   4500</leader>
    <controlfield tag="001">INLIS000000000006590</controlfield>
    <controlfield tag="005">20230621120845</controlfield>
    <datafield tag="035" ind1="#" ind2="#">
      <subfield code="a">0010-0622000451</subfield>
    </datafield>
    <controlfield tag="001">INLIS000000000006590</controlfield>
    <controlfield tag="005">20220622082854</controlfield>
    <datafield tag="035" ind1="#" ind2="#">
      <subfield code="a">0010-0622000451</subfield>
    </datafield>
    <datafield tag="245" ind1="#" ind2="#">
      <subfield code="a">Niponica :</subfield>
      <subfield code="b">Discovering Japan Special Feature Japan's Decorative Art of Urushi</subfield>
    </datafield>
    <datafield tag="100" ind1=" " ind2="#">
      <subfield code="a">Niponica</subfield>
    </datafield>
    <datafield tag="250" ind1="#" ind2="#">
      <subfield code="a">No. September</subfield>
    </datafield>
    <datafield tag="300" ind1="#" ind2="#">
      <subfield code="a">27 halaman :</subfield>
      <subfield code="b">Gambar ;</subfield>
      <subfield code="c">21x29.5 cm</subfield>
    </datafield>
    <datafield tag="856" ind1="#" ind2="#">
      <subfield code="a">OPAC (Rak Majalah)</subfield>
    </datafield>
    <datafield tag="260" ind1="#" ind2="#">
      <subfield code="a">Japan :</subfield>
      <subfield code="b">Ministry of Foreign Affairs of Japan,</subfield>
      <subfield code="c">2016</subfield>
    </datafield>
    <datafield tag="082" ind1="#" ind2="#">
      <subfield code="a">050.11</subfield>
    </datafield>
    <datafield tag="084" ind1="#" ind2="#">
      <subfield code="a">050.11 NIP j</subfield>
    </datafield>
    <datafield tag="650" ind1="#" ind2="4">
      <subfield code="a">Niponica 2017</subfield>
    </datafield>
    <datafield tag="650" ind1="#" ind2="4">
      <subfield code="a">Majalah 2017</subfield>
    </datafield>
    <datafield tag="500" ind1="#" ind2="#">
      <subfield code="a">Changing Seasons</subfield>
    </datafield>
    <datafield tag="505" ind1="#" ind2="#">
      <subfield code="a">Contents:&#13;
Special Feature Japan's Decorative Art of Urushi; Beauty Created From Strength and Delicacy; Various Shikki From Different Regions; Japanese Handicrafts-Craftsmen Who Create Shikki; The Japanese Spirit Has Been Inherited-Urushi Restorers; Tradition and Innovation-New Forms of the Decorative Art of Urushi; Incorporating Urushi-nuri Into Everyday Life; Tasty Japan: Time to Eat!Zoni; Strolling Japan Hirosaki; Souvenirs of Japan Koshu Inden</subfield>
    </datafield>
    <controlfield tag="008">230621################|##########|#|##</controlfield>
    <datafield tag="990" ind1="#" ind2="#">
      <subfield code="a">05/MJ-20</subfield>
    </datafield>
  </record>
</collection>
